Statystyki dla Harry Potter - pracownicy Hogwartu

Kliknij tutaj aby rozwiązać quiz!

Ogólne statystyki

  • Ten quiz został rozwiązany 1 555 razy
  • Średni wynik to 7 z 17

Statystyki odpowiedzi

Pracownicy Hogwartu% Poprawnych
Severus Snape
94%
Albus Dumbledore
91%
Rubeus Hagrid
77%
Minerwa McGonagall
76%
Argus Filch
60%
Filius Flitwick
54%
Pomona Sprout
49%
Sybilla Trelawney
40%
Gilderoy Lockhart
36%
Horacy Slughorn
31%
Rolanda Hooch
31%
Poppy Pomfrey
29%
Kwiryniusz Quirrell
18%
Armando Dippet
7%
Wilhelmina Grubbly-Plank
6%
Irma Pince
5%
Charity Burbage
4%

Rozkład punktacji

Percentyl według liczby udzielonych odpowiedzi

Procent ludzi z każdym wynikiem

Twoja historia wyników

Nie rozwiązałeś tego quizu